=LDR 00000nam 2200000 4500 =001 INLIS000000000054137 =005 20190705022720 =035 ##$$a 0010-0719000014 =007 ta =008 190705###########################0###### =020 ##$$a 978-602-229-119-0 =082 ##$$a 631.4 =084 ##$$a 631.4 JUJ p =100 #$$a Jujun Sartohadi =245 1#$$a Pengantar geografi tanah /$c Jujun Sartohadi =250 ##$$a Cet 4 =260 ##$$a Yogyakarta :$b Pustaka Pelajar,$c 2016 =300 ##$$a xviii, 204 hlm. : $b ilus. ; $c 23 Cm. =650 ##$$a Tanah =504 ##$$a Bibliografi : hlm. 193 - 196 Indeks : hlm. 197 - 202 =990 ##$$a 11561156 =990 ##$$a 31900101